LIBRARY ONLINE CATALOGUE

Making Vancouver : (Record no. 4769)

MARC details
000 -LEADER
fixed length control field 00641cam a22002052 4500
001 - CONTROL NUMBER
control field 0000000400
005 - DATE AND TIME OF LATEST TRANSACTION
control field 20151217151748.0
008 - FIXED-LENGTH DATA ELEMENTS--GENERAL INFORMATION
fixed length control field 070130s xx 000 0 eng d
020 ## - INTERNATIONAL STANDARD BOOK NUMBER
International Standard Book Number 077480570 :
040 ## - CATALOGING SOURCE
Original cataloging agency KABU
Transcribing agency KABU
050 #0 - LIBRARY OF CONGRESS CALL NUMBER
Classification number F1089
Item number .V22M33
100 1# - MAIN ENTRY--PERSONAL NAME
Personal name McDonald, Robert A. J.
-- 0000148576
245 10 - TITLE STATEMENT
Title Making Vancouver :
Remainder of title class, status and social boundaries, 1863-1913 /
Statement of responsibility, etc. Robert A. J. McDonald.
260 ## - PUBLICATION, DISTRIBUTION, ETC. (IMPRINT)
Place of publication, distribution, etc. Vancouver :
Name of publisher, distributor, etc. UBC Press,
Date of publication, distribution, etc. 1996.
300 ## - PHYSICAL DESCRIPTION
Extent xx, 747 p.
651 #0 - SUBJECT ADDED ENTRY--GEOGRAPHIC NAME
Geographic name Vancouver (B.C)
General subdivision Social condition.
-- 0000148577
908 ## - PUT COMMAND PARAMETER (RLIN)
Put command parameter 070130
950 ## - LOCAL HOLDINGS (RLIN)
-- 1
Holdings
Withdrawn status Lost status Source of classification or shelving scheme Not for loan Home library Current library Date acquired Total Checkouts Full call number Barcode Date last seen Price effective from Koha item type
    Library of Congress Classification   Kabarak, Main Campus Kabarak, Main Campus 17/12/2015   F1089 .V22M33 000842 17/12/2015 17/12/2015 General Collection